Giáo trình bóng rổ (Dùng cho sinh viên Cao đẳng Sư phạm chuyên ngành giáo dục thể chất )
Sơ lược lịch sử hình thành và phát triển môn bóng rổ. Kỹ thuật bóng rổ, chiến thuật và phương pháp giảng dạy bóng rổ. Phương pháp giảng dạy bóng rổ cho học sinh THCS. Phương pháp huấn luyện thể lực, tổ chức thi đấu, những điều luật...
Na minha lista:
| Autor principal: | |
|---|---|
| Formato: | Livro |
| Idioma: | Undetermined |
| Publicado em: |
Hà Nội
Đại học Sư phạm Hà Nội
2007
|
| Assuntos: | |
| Tags: |
Adicionar Tag
Sem tags, seja o primeiro a adicionar uma tag!
|
| Thư viện lưu trữ: | Trung tâm Học liệu Trường Đại học Cần Thơ |
|---|
| LEADER | 01210nam a2200241Ia 4500 | ||
|---|---|---|---|
| 001 | CTU_140808 | ||
| 008 | 210402s9999 xx 000 0 und d | ||
| 020 | |c 33000 | ||
| 082 | |a 796.323071 | ||
| 082 | |b B116 | ||
| 100 | |a Nguyễn, Hữu Bằng | ||
| 245 | 0 | |a Giáo trình bóng rổ | |
| 245 | 0 | |b (Dùng cho sinh viên Cao đẳng Sư phạm chuyên ngành giáo dục thể chất ) | |
| 245 | 0 | |c Nguyễn Hữu Bằng (ch.b.), Đỗ Mạnh Hưng | |
| 260 | |a Hà Nội | ||
| 260 | |b Đại học Sư phạm Hà Nội | ||
| 260 | |c 2007 | ||
| 520 | |a Sơ lược lịch sử hình thành và phát triển môn bóng rổ. Kỹ thuật bóng rổ, chiến thuật và phương pháp giảng dạy bóng rổ. Phương pháp giảng dạy bóng rổ cho học sinh THCS. Phương pháp huấn luyện thể lực, tổ chức thi đấu, những điều luật cơ bản và phương pháp trọng tài bóng rổ | ||
| 526 | |a Bóng rổ | ||
| 526 | |b TC316 | ||
| 650 | |a Basketball,Bóng rổ | ||
| 904 | |i Hạ Nguyên | ||
| 980 | |a Trung tâm Học liệu Trường Đại học Cần Thơ | ||